000 00464nam a2200193Ia 4500
005 20250603144527.0
008 250603s9999 xx 000 0 und d
020 _a9780080969596
050 _aNA 2590 .B33/
100 _aBaden-Powell, Charlotte
245 0 _aArchitect’s pocket book
250 _a4th ed.
260 _aNew York
260 _bRoutledge Taylor & Francis Group
260 _c2011
300 _a345 p
650 _aNew York
942 _cBK
999 _c39186
_d39186